000 00325nam a2200133Ia 4500
008 230411s9999 xx 000 0 und d
041 _aeng
082 _aSO/301/POT/B04811
100 _aPothen K P
245 _aSociology for Nurses
260 _bN R Brothers
_aIndore
_c2004
300 _a268p
999 _c155410
_d155410